000 02100cam a22004814i 4500
003 PE-LiUPU
005 20250731173424.0
008 150706s2011 flu r 000 0 spa d
020 _a9781616383213
035 _a(Sirsi) i9781616383213
040 _aPE-LiUPU
_bspa
_cPE-LiUPU
_erda
049 _aPRUA
082 0 4 _a241.677
_bK81
_221
100 1 _aKreider, Larry,
_eautor.
245 1 4 _aLos 3 amores /
_cLarry Kreider y Jimmy Seibert.
264 1 _aLake, Mary, Florida :
_bCasa Creación,
_c2011.
300 _a222 páginas ;
_c22 centímetros
336 _atext
_2rdacontent
337 _aunmediated
_2rdamedia
338 _avolume
_2rdacarrier
505 0 _aLa pasión -- Nuestra pasión por Jesús y sus propósitos en la tierra -- Una vuelta a la simplicidad -- Amar a Jesús -- Amar a Jesús con pasión -- ¿Cómo usted dice el nombre de Jesús? -- Amar a su pueblo -- Amemos a los hijos de Dios -- Invierta su vida en la gente -- Amemos a un mundo destrozado -- Amemos a los que están separados de Dios -- Alcancemos al perdido en nuestro diario vivir -- Encendamos la pasión -- La iglesia cambia al mundo -- ¡Avive la llama! -- Guía para el líder de grupos pequeños.
526 _aSEG42
526 _aSEG41
526 _aSEG40
526 _aSEG39
526 _aP94
526 _aP87
526 _aP86
526 _aP85
526 _aP77
526 _aP76
526 _aP35
541 _g001-0000607;
650 0 4 _aAmor
_xCristianismo.
700 1 _aSeibert, Jimmy,
_eautor.
710 2 _aRivera, Tony y Irizarry, Sonalí
_etr.
910 _agl
_bjv
_clch
_d20121107
942 _2ddc
_cBOOK
949 _a241.677 K81
_wDEWEY
_c1
_i65702
_lCCODEBUL1
_mBUL
_p27.00
_r0
_sY
_tBOOK
_u2015-7-6
_xTEOLOGIA
_PP35
_o.STAFF. Colección Teología
994 _aC0
_bPEPRU
596 _a1
999 _a241.677 K81
_wDEWEY
_c54135
_i65702
_d54135
_e2019-6-11
_f2021-11-10
_g5
_lCCODEBUL1
_mBUL
_n5
_p27.00
_q1
_r0
_sY
_tBOOK
_u2015-7-6
_xTEOLOGIA
_PP35
_0COMPRA
_o.STAFF. Colección Teología
980 _81
_gALBERTO SANCHEZ Responsable de Automatización